Verejná telefónna hovorňa

Bibliographic Details
Main Author: Ohrablo, František, 1938- (Author)
Format: Article
Language:Slovak
PhysicalDescription:Fot. 3. Sch. 3. Res. angl.
Subjects:

MARC

LEADER 00000nab a2200000 a 4500
001 vtls000404595
003 SK-MaSNL
005 20260303160647.0
008 230223c1990 xo 0 slo
015 |a SNBRB19rr/mm-uuuuu 
035 |a CL0404719 
035 |a urn:nbn:sk:snk-abdo4d 
035 |a (urnnbn)urn:nbn:sk:snk:ar-0019tp 
035 |a (uuid)e09ead34-b693-4a1b-9b79-f030b6fc98b2 
040 |a SNKBUCL  |b slo  |c SNKBUCL  |e AACR2 
041 0 |a slo 
044 |a xo  |c SK 
080 |a 7.05:725.16  |2 1981 
080 |a 725.16  |2 1981 
100 1 |a Ohrablo, František,  |d 1938-  |4 aut  |9 212527 
245 1 0 |a Verejná telefónna hovorňa  |c František Ohrablo 
300 |b Fot. 3. Sch. 3. Res. angl. 
650 0 7 |a hovorne telefónne verejné  |2 snkbucl  |9 1181751 
650 0 7 |a architektonický dizajn  |2 snkbucl  |9 763 
655 7 |a články z novín a časopisov  |2 snkbucl  |9 267496 
773 0 |t Projekt  |g Roč. 32, č. 2 (1990), s. 25-27 
850 |a Slovenská národná knižnica v Martine  |a MTA001 
852 |a SNK  |b KIS3GCP 
954 |a odborná, vedecká literatúra pôvodná (slovenská)  |2 lita 
958 |a RK 
958 |a OND 
958 |a EUIPO 
958 |a article19 
992 |a RBX 
999 |c 2046830  |d 2048760